NFL Smartest quiz - Statistics

General Stats
  • This quiz has been taken 22 times
  • The average score is 24 of 32
Answer Stats
Hint Answer % Correct
This teams QB is from Ohio st and running is his best. Bears
90%
This team has a rapist on there team. Browns
90%
This teams RB left after beating a franchise record. Lions
85%
This team got scammed by the bears for the 1st overall pick in 2023's NFL Draft. Panthers
85%
This team won the 2021 Superbowl. Rams
85%
This team went threw 3 QB's in one season and all played really good. 49ers
80%
This teams WR1 has a brother on the cowboys. Bills
80%
This team has all there superbowls in the 1900's. Cowboys
80%
This team lost to the cheifs in the superbowl after one of the best seasons ever. Eagles
80%
This team had both OROTY and DROTY. Jets
80%
This teams Qb is known for Hail marys. Packers
80%
This team Had the best quarterback of all time. Patriots
80%
This team one of there players always gets in a fight with Mike evans. Saints
80%
This team everyone thought was having a rebuild year in 2022 but still made the playoffs. Seahawks
80%
This teams made the Superbowl in 2022 but lost in AFC championship in 2023. Bengals
75%
This teams quarterback carries they team to superbowls. Chiefs
75%
This team got Tyreek hill and jalen ramsey in back to back off seasons. Dolphins
75%
This team beat the patriots in the 2012 superbowl and the 2008. Giants
75%
This team has one of the best running-backs of all time but his career was short because of injury. Raiders
75%
This teams quarterback is known as a running-back as of 2022. Ravens
75%
This team worst record ever is 5-11. Steelers
75%
This team one of there playing beat a record of one of the best wide-recievers of all time. Vikings
75%
This team was playing the raiders in the 2021 wildcard and called a time-out to lose them the game. Chargers
70%
This team lost there best player to the cowboys. Colts
70%
This teams WR 3 is from Ohio st. Commanders
70%
This teams best player OAT went to Virginia Tech. Falcons
70%
This team had a really good year for there team. Jaguars
70%
This teams mostly always has the worst record in the Nfl. Texans
70%
This team started the year off hot in 2022 but finshed bad and missed the playoffs. Titans
70%
This teams quarterback sucked in 2023 Broncos
65%
The best Player ever finished his career on this team. Bucs
65%
This team had 2 back to back grate seasons but had a bad on in 2022. Cardinals
65%
No matching quizzes found
Score Distribution
Percent of People with Each Score
Percentile by Number Answered
Your Score History
You have not taken this quiz